Biografía del Jeneral Don Manuel Bulnes, Presidente de la República de Chile

Spremljeno u:
Bibliografski detalji
Glavni autor: Alberdi, Juan Bautista, 1810-1884 (Autor)
Format: Knjiga
Jezik:španjolski
Izdano: Santiago Imprenta Chilena 1846
Izdanje:1a. ed
Teme:
Oznake: Dodaj oznaku
Bez oznaka, Budi prvi tko označuje ovaj zapis!

MARC

LEADER 00000nam a2200000 a 4500
001 UCJ4743
003 CL-VaPUC
008 070124e18460000CL |||||||||||||||||spa|d
082 0 4 |a 920  |b BUL  |2 21 
100 |a Alberdi, Juan Bautista,  |d 1810-1884  |e author  |9 331707 
245 1 0 |a Biografía del Jeneral Don Manuel Bulnes, Presidente de la República de Chile 
250 |a 1a. ed 
300 |a 84 p 
942 |c BK 
945 |d 20070124 00:00:00  |a rinostro 
260 |a Santiago  |b Imprenta Chilena  |c 1846 
500 |a Empastado junto a otras biografías en un volumen rotulado Biografías, signatura topográfica 920 VAL. Don Ramón Briseño, en su Estadística Bibliográfica, I, p. 37, consigna como autor a Juan Bautista Alberdi 
600 0 |a Bulnes, Manuel  |9 315172 
650 7 |a BIOGRAFIA  |2 CL-VaPUC  |9 504622 
650 0 |a Presidentes de Chile  |9 268293 
650 0 |a Guerra de Arauco  |9 267618 
650 7 |a MONTONERAS  |2 CL-VaPUC  |9 504218 
650 0 |a Guerra de la independencia   |9 331979 
650 0 |a Guerra contra la confederación  |9 506371 
583 |a last modification  |c 20070124 00:00:00  |k Rodrigo Vera 
999 |c 320858  |d 320856 
952 |0 0  |1 0  |4 0  |6 920_000000000000000_BUL_1846  |7 0  |8 X  |9 399471  |a FDOBUD  |b FDOBUD  |d 2019-11-22  |i 1025473  |o 920 BUL 1846  |p 1025473  |r 2019-11-22  |w 2019-11-22  |y BK_X  |k BUD